000 00671nam a22001817a 4500
005 2010081702372.0
010 _aENG-100680
020 _a9789380173986
_c65.00
035 _aEN-84213
037 _bDBAD/PUB
082 _a883.08
245 _aAnand's realistic picture of humanlife in the day to day life /
_cedited by S. Rajeswari
260 _aKoradacherry
_bAruma Publications
_c2009
270 _a35, Gandhi Colony
_bKoradacherry
_e613703
300 _a131p.
_c20cm (pbk)
942 _2ddc
_cEN
_h883.08
_mANA
999 _c42262
_d42262